000 02530nam a22003137a 4500
003 OSt
005 20240509022645.0
008 240507b ||||| |||| 00| 0 eng d
040 _bEnglish.
_cCvSU-CCAT Campus Library.
_erda.
050 _aUM QA 76.9.A94
_bC53 2017
100 _aClavano, Apple Anne R., author.
_912258
245 _aDevelopment of Learn ASEAN : an e-learning mobile application of ASEAN Countries using augmented reality /
_cApple Anne R. Clavano, Maria Fe L. Lubo, and Rachelle Ann C. Rojo.
260 _aRosario, Cavite :
_bCavite State University-CCAT Campus,
_c2017.
300 _axiii, 77 leaves :
_billustrations ;
_c28 cm
500 _aA Design Project (BSInfoTech) -- Cavite State University-CCAT Campus, 2017.
504 _aIncludes bibliographical references and appendices.
520 _aCLAVANO, APPLE ANNE R., LUBO, MARIA FE L., AND ROJO, RACHELLE ANN C. Development of Learn ASEAN: an E-Learning Mobile Application of ASEAN Countries using Augmented Reality. Design Project. Bachelor of Science in Information Technology. Cavite State University-Rosario Campus, Rosario, Cavite. May 2017. Adviser. Karlo Jose E. Nabablit. The study was conducted from August 2016 to March 2017 to develop an e- learning mobile application of ASEAN countries using augmented reality system for mobile users. Specifically, the study aimed to: 1) design the user interface of the system using Unity 3D and display the information of ASEAN countries; 2) test and evaluate the application by students and IT experts, and 3) implement it through mobile devices such as smart phones and tablets. The developers used the interactive model which involves planning, analysis, designing, prototyping and testing stage. The system was developed using Unity 3D, Vuforia (AR) SDK and Adobe Photoshop CS6. The mobile application was evaluated by 50 respondents composed of 40 students and 10 faculty members. The score of 90.76/100 revealed that the technical aspect of the system is very satisfactory.
546 _aIn English text.
650 _aAugmented reality.
_95794
650 _aMobile application.
_95366
650 _aE-learning.
_93494
650 _aWeb application.
_99098
700 _aLubo, Maria Fe L., author.
_912260
700 _aRojo, Rachelle Ann C., author.
_912260
700 _aNabablit, Karlo Jose E., adviser.
_95655
700 _aAbad, Jenerry Y., technical critic.
_911888
942 _2lcc
_cT/M/D
_kUM
_hQA 76.9.A94 C53 2017
999 _c3356
_d3356